00357nam a2200133Ia 4500008004100000020001500041041001200056082001600068100001800084245006900102260002800171300000800199650001600207221030s9999 xx 000 0 und d a8172248199 aEnglish a105.23bTro aR. H. Tropper 0aProgramming in Assembly Language on The IBM Pccby R. H. Tropper bJaico PubaMumbaic1999 a648 aBE Computer